Estadísticas para Poblaciones españolas con título de ciudad

Haz click aquí para intentar la prueba.

Estadísticas generales

  • Esta prueba ha sido intentada 1.929 veces
    (1.928 desde el último reinicio)
  • La puntuación promedio es 72 de 307

Respuestas en el mapa

Las respuestas están codificadas por una escala verde-roja en el mapa de la prueba según el % correcto abajo.
 

Estadísticas de respuestas

Ciudad% Correcto
Barcelona
88%
Sevilla
82%
València
81%
Zaragoza
78%
Málaga
76%
Cádiz
74%
Murcia
73%
A Coruña
71%
Córdoba
70%
Granada
70%
León
70%
Vigo
70%
Alicante
69%
Girona
69%
Oviedo
69%
Palma
69%
Valladolid
69%
Lugo
68%
Tarragona
68%
Toledo
68%
Pamplona
67%
Santander
67%
Almería
66%
Huelva
66%
Jaén
66%
Santiago de Compostela
66%
Badajoz
65%
Eivissa
65%
San Sebastián
65%
Castelló de la Plana
64%
Lleida
64%
Salamanca
64%
Albacete
63%
Huesca
63%
Burgos
62%
Cáceres
62%
Ceuta
62%
Ourense
62%
Melilla
61%
Las Palmas de Gran Canaria
60%
Pontevedra
60%
Teruel
60%
Ciudad Real
58%
Guadalajara
58%
Mérida
58%
Segovia
58%
Vitoria-Gasteiz
56%
Cartagena
55%
Cuenca
55%
Logroño
55%
Ávila
54%
Palencia
54%
Soria
54%
Zamora
54%
l'Hospitalet de Llobregat
53%
Jerez de la Frontera
48%
Elche
47%
Marbella
46%
Santa Cruz de Tenerife
46%
Alcalá de Henares
44%
Badalona
43%
Algeciras
41%
Ferrol
40%
Sabadell
36%
Irun
35%
Ponferrada
35%
Reus
35%
Dos Hermanas
34%
Tarifa
33%
Terrassa
33%
Vila-real
31%
Gandia
30%
Maó
30%
Talavera de la Reina
30%
Dénia
29%
Jaca
29%
Lorca
29%
Mataró
29%
Plasencia
28%
San Fernando
28%
Manacor
27%
El Puerto de Santa María
26%
La Línea de la Concepción
26%
Manresa
26%
Torrevieja
26%
Tudela
26%
Ciutadella de Menorca
25%
Torrelavega
25%
Motril
24%
San Cristóbal de la Laguna
24%
Úbeda
24%
Linares
23%
Sagunto
23%
Alcoy
22%
Calatayud
22%
Castro-Urdiales
22%
Chiclana de la Frontera
22%
Ciudad Rodrigo
22%
Orihuela
22%
Peñíscola
22%
Vic
22%
Tui
21%
Arrecife
20%
Astorga
20%
Baeza
20%
Don Benito
20%
Haro
20%
Puertollano
20%
Cornellà de Llobregat
19%
Figueres
19%
Miranda de Ebro
19%
Ronda
19%
Sanlúcar de Barrameda
19%
Trujillo
19%
Xàtiva
19%
Ayamonte
18%
Calahorra
18%
Tortosa
18%
Antequera
17%
Écija
17%
Elda
17%
Requena
17%
Alcúdia
16%
Almendralejo
16%
Almuñécar
16%
Benavente
16%
Benicarló
16%
Betanzos
16%
Cangas de Onís
16%
Cullera
16%
Estella-Lizarra
16%
Hondarribia
16%
Reinosa
16%
Toro
16%
Utrera
16%
Vinaròs
16%
Zafra
16%
Albarracín
15%
Barbastro
15%
Béjar
15%
Chinchón
15%
Fraga
15%
Granollers
15%
Monforte de Lemos
15%
Olot
15%
Vélez-Málaga
15%
Yecla
15%
Alzira
14%
Amposta
14%
Baza
14%
Berga
14%
Guadix
14%
Hellín
14%
Inca
14%
Mojácar
14%
Tarazona
14%
Villanueva de la Serena
14%
Alcañiz
13%
Almansa
13%
Bailén
13%
Caravaca de la Cruz
13%
Carmona
13%
Coria
13%
Langreo
13%
Oliva
13%
Sigüenza
13%
Tafalla
13%
Tomelloso
13%
Utiel
13%
Villena
13%
Viveiro
13%
Andújar
12%
Burriana
12%
Cervera
12%
Cieza
12%
El Burgo de Osma-Ciudad de Osma
12%
Igualada
12%
Lucena
12%
Morella
12%
Olite
12%
Olivenza
12%
Sóller
12%
Sueca
12%
Tarancón
12%
Alcázar de San Juan
11%
Alfaro
11%
Almagro
11%
Arnedo
11%
Cabra
11%
Cazorla
11%
Jumilla
11%
la Seu d'Urgell
11%
Mondoñedo
11%
Monzón
11%
Nájera
11%
Pozoblanco
11%
Santa Cruz de la Palma
11%
Santo Domingo de la Calzada
11%
Arcos de la Frontera
10%
Arévalo
10%
Balaguer
10%
Caspe
10%
Jerez de los Caballeros
10%
La Ràpita
10%
San Roque
10%
Solsona
10%
Tàrrega
10%
Valls
10%
Vera
10%
Villajoyosa
10%
Villarrobledo
10%
Adra
9%
Borja
9%
Briviesca
9%
Daimiel
9%
Daroca
9%
Jijona
9%
La Bañeza
9%
Loja
9%
Molina de Aragón
9%
Mollerussa
9%
Montoro
9%
Novelda
9%
Ontinyent
9%
Sada
9%
Totana
9%
Tremp
9%
Alcalá la Real
8%
Alcanar
8%
Arenas de San Pedro
8%
Arucas
8%
Banyoles
8%
Calella
8%
Chinchilla de Montearagón
8%
Colmenar de Oreja
8%
Estepa
8%
Frías
8%
Gáldar
8%
Gandesa
8%
La Unión
8%
Llerena
8%
Manises
8%
Medina Sidonia
8%
Moguer
8%
Montilla
8%
Morón de la Frontera
8%
Orduña
8%
Priego de Córdoba
8%
Sangüesa
8%
Santa Fe
8%
Segorbe
8%
Alcaraz
7%
Algemesí
7%
Alhama de Granada
7%
Berja
7%
Carcaixent
7%
Cariñena
7%
Carrión de los Condes
7%
Consuegra
7%
Corella
7%
Huéscar
7%
la Bisbal d'Empordà
7%
la Vall d'Uixó
7%
Llíria
7%
Llucmajor
7%
Medina de Pomar
7%
Medina de Rioseco
7%
Moncada
7%
Niebla
7%
Santa Coloma de Gramenet
7%
Sant Feliu de Llobregat
7%
Viana
7%
Alaior
6%
Albaida
6%
Arahal
6%
Archidona
6%
Bujalance
6%
Callosa de Segura
6%
Cascante
6%
Castalla
6%
Cenicero
6%
Felanitx
6%
Güímar
6%
Huete
6%
les Borges Blanques
6%
Monóvar
6%
Peñaranda de Bracamonte
6%
Sanlúcar la Mayor
6%
Santa Coloma de Farners
6%
Sant Feliu de Guíxols
6%
Tacoronte
6%
Tavernes de la Valldigna
6%
Cantalejo
5%
Carlet
5%
Constantina
5%
Dalías
5%
Herrera de Pisuerga
5%
Roquetes
5%
Salas de los Infantes
5%
Santa María de Guía de Gran Canaria
5%
Artesa de Segre
4%
Barberà del Vallès
4%
Nava del Rey
4%
Pedralba
4%
Purchena
4%
Sant Vicenç dels Horts
4%
Tíjola
4%

Distribución de puntuación

Porcentaje por número respondido

Porcentaje de gente con cada puntuación

Historial de tus puntuaciones

No has intentado esta prueba desde el último reinicio